01066nam a22002417a 45000010005000000030006000050050017000110080041000280200018000690400029000870500009001160820008001251000024001332450044001572600039002013000047002405200299002876500049005867000034006359420015006699990015006849520125006997587FISKH20250725084101.0250725b cb ||||| |||| 00| 0 eng d a9780856485176 aFISKHbengcFISKHdFISKH aPZ7  a535 aSmeltzer, Patricia  aLight / cPatricia and Victor Smeltzer aHert : bLion Publishing, c1984.  a30 pages : bcolor illustrations ; c25 cm aLight by Victor R. Smeltzer is a science textbook designed to introduce students to the properties, behavior, and applications of light. Topics typically include the nature of light, reflection, refraction, lenses, and color. It was widely used in educational settings in the 1960s and 1970s.  aLight vOptics xReflection and Refraction aSmeltzer, Victor R. eAuthor  2ddccBKn0 c7587d7587 00102ddc40708NFICa001b001cATKSNFd2025-07-25l0oSME 535 PZ7 pFISTK04321r2025-07-25 08:40:58t1w2025-07-25yBK